00664nam a2200181Ia 4500008004000000020001700040082001300057100002000070245007100090250000500161260004300166300001100209650006100220690001600281906001000297999001900307952015600326210210b1995 xxu||||| |||| 00| 0 eng d a81 7371 64 6 a428 DAYS aDAY (Robert A). aScientific english: a guide for scientists and professionals. Ed.2 a aHyderabad.bUniversities Press.,c1995 axi,148 aScientific english Scientific writing Writing science  aEnglish Usa aSG037 c114398d114398 001040708EnglishaALbALcEnglish Languaged2021-02-17eSita Book House, Mangalore.g0.00l0o428 DAYSpSG03720r2021-02-17 00:00:00w2021-02-17ySG